00466nam a2200193 a 4500001001300000003000900013005001700022008004100039020000900080082001700089100002200106245001800128260003200146300000800178500003500186505001000221650001900231700002200250nice12345678IN_TiNIC20260116015207.0050524s1998 laha grp 000 0 ara  ac2000a922.97bMUN1 aMunawar, Mohammad aHayat-I-Iqbal aLahorebIqbal Academyc1998 a24p aincludes index and biblioraphy2 aIndex aIqbal Muhammad1 aMunawar, Mohammad